| 000 | 00682nam a22002177a 4500 | ||
|---|---|---|---|
| 005 | 20140108123221.0 | ||
| 010 | _aENG-108960 | ||
| 020 |
_a9788183165129 _c195.00 |
||
| 035 | _aEN-92493 | ||
| 037 | _bDBAD/PUB | ||
| 082 | _a371.2 | ||
| 100 | _aReddy, G. Lokanadha | ||
| 245 |
_aSchool management and issues in education / _cby G. Lokanadha Reddy, Vanaja, M. [and] Kadem Srinivas |
||
| 260 |
_aHyderabad _bNeelkamal Publications _c2014 |
||
| 270 |
_aSultan Bazar _bHyderabad _e500095 |
||
| 300 |
_axv,261p. _c24cm(pbk) |
||
| 500 | _aIncludes bibliographical references | ||
| 700 | _aVanaja, M. | ||
| 700 | _a Srinivas, Kadem | ||
| 942 |
_2ddc _cEN _mRED _h371.2 |
||
| 999 |
_c81601 _d81601 |
||